000
00203 a2200097 4500
001
3733
100
_a
Pak Pub
245
_a
Aerodynamics for engg students
260
_a
_b
Aenold
_c
090
_c
2976
_d
2976
942
_a
NUST-CAE
_c
M
_c
21957
999
_c
238806
_d
238806